| 000 | 00644nam a2200217 a 4500 | ||
|---|---|---|---|
| 001 | 71262 | ||
| 003 | BD-RjUL | ||
| 005 | 20211209082108.0 | ||
| 008 | 170430s1891 en | || |||| 000 0 eng d | ||
| 035 | _a(BD-RjUL)71477 | ||
| 040 |
_aBD-RjUL _beng _cBD-RjUL |
||
| 041 | _aeng | ||
| 082 |
_223 _a954.035 _bNIB 1891 |
||
| 100 | 1 |
_aNighlingale, F. _9210841 |
|
| 245 | 1 | 0 |
_aBehramji Malabori A Biographical Sketch / _cF. Nighlingale. |
| 260 |
_aLondon : _bUnwinbrothers, _c1891 |
||
| 300 |
_axii, 254, 21 p. ; _c19 cm. |
||
| 504 | _aIncludes Referential Bibliography | ||
| 650 |
_aSocial Workers _9210842 _xA Biography _yIndia |
||
| 942 |
_2ddc _cBK |
||
| 999 |
_c71262 _d71262 |
||